Fundamentals of commercial law in Uganda / (Record no. 8496)
[ view plain ]
| 000 -LEADER | |
|---|---|
| fixed length control field | 00360nam a22001217a 4500 |
| 008 - FIXED-LENGTH DATA ELEMENTS--GENERAL INFORMATION | |
| fixed length control field | 160908b xxu||||| |||| 00| 0 eng d |
| 082 ## - DEWEY DECIMAL CLASSIFICATION NUMBER | |
| Classification number | 346.07 SAL |
| 100 ## - MAIN ENTRY--PERSONAL NAME | |
| Personal name | Sallam, Waiswa Abudu |
| 245 ## - TITLE STATEMENT | |
| Title | Fundamentals of commercial law in Uganda / |
| Statement of responsibility, etc | Waiswa Abudu Sallam |
| 260 ## - PUBLICATION, DISTRIBUTION, ETC. (IMPRINT) | |
| Place of publication, distribution, etc | Uganda : |
| Name of publisher, distributor, etc | LithoConsult , |
| Date of publication, distribution, etc | c2014 |
| 300 ## - PHYSICAL DESCRIPTION | |
| Extent | xviii, 324p. ; |
| Dimensions | 24cm. |
| 942 ## - ADDED ENTRY ELEMENTS (KOHA) | |
| Source of classification or shelving scheme | Dewey Decimal Classification |
| Item type | Books |
| Withdrawn status | Lost status | Source of classification or shelving scheme | Damaged status | Not for loan | Home library | Current library | Shelving location | Date acquired | Total Checkouts | Full call number | Barcode | Date last seen | Copy number | Price effective from | Koha item type |
|---|---|---|---|---|---|---|---|---|---|---|---|---|---|---|---|
| Dewey Decimal Classification | Law Development Centre Main Library | Law Development Centre Main Library | Text Books and Laws | 09/08/2016 | 346.07 SAL | 028/2016 | 09/08/2016 | 001 | 09/08/2016 | Books | |||||
| Dewey Decimal Classification | Law Development Centre Main Library | Law Development Centre Main Library | Text Books and Laws | 09/08/2016 | 346.07 SAL | 029/2016 | 09/08/2016 | 002 | 09/08/2016 | Books |
